Ensayo sobre el principio de la población / (Registro nro. 7231)
[ vista simple ]
| 000 -LEADER | |
|---|---|
| fixed length control field | 02473nam a22003017a 4500 |
| 003 - CONTROL NUMBER IDENTIFIER | |
| control field | OSt |
| 005 - DATE AND TIME OF LATEST TRANSACTION | |
| control field | 20210218111548.0 |
| 008 - FIXED-LENGTH DATA ELEMENTS--GENERAL INFORMATION | |
| fixed length control field | 210218s1951 mx |||fr|||| 001 0 spa d |
| 040 ## - CATALOGING SOURCE | |
| Original cataloging agency | CO-JMCR |
| Transcribing agency | CO-JMCR |
| 041 1# - LANGUAGE CODE | |
| Language code of text/sound track or separate title | spa |
| Language code of original | eng |
| 082 04 - DEWEY DECIMAL CLASSIFICATION NUMBER | |
| Classification number | 304.6 / |
| Item number | M261e |
| Edition number | 23 |
| 100 1# - MAIN ENTRY--PERSONAL NAME | |
| Personal name | Malthus, Thomas Robert, |
| Relator term | autor |
| 9 (RLIN) | 4626 |
| 245 10 - TITLE STATEMENT | |
| Title | Ensayo sobre el principio de la población / |
| Statement of responsibility, etc. | Thomas R. Malthus ; traducción de Teodoro Ortíz. |
| 250 ## - EDITION STATEMENT | |
| Edition statement | Primera edición |
| 260 ## - PUBLICATION, DISTRIBUTION, ETC. | |
| Place of publication, distribution, etc. | México : |
| Name of publisher, distributor, etc. | Fondo de Cultura Económica, |
| Date of publication, distribution, etc. | 1951 |
| 300 ## - PHYSICAL DESCRIPTION | |
| Extent | xli, 619 páginas ; |
| Dimensions | 21 cm. |
| 490 ## - SERIES STATEMENT | |
| Series statement | Sección de obras de economía. Las obras maestras de la economía |
| 500 ## - GENERAL NOTE | |
| General note | Incluye índice analítico y notas a pie de página. |
| 504 ## - BIBLIOGRAPHY, ETC. NOTE | |
| Bibliography, etc. note | Bibliografía: página xxxv |
| 505 0# - FORMATTED CONTENTS NOTE | |
| Formatted contents note | Sobre las limitaciones del desarrollo de la población en las partes menos civilizadas del mundo y en la antigüedad -- Sobre las limitaciones del desarrollo de la población en los diferentes estados de la Europa moderna -- De los diferentes sistemas o expedientes que se han propuesto o han prevalecido en la sociedad, en cuanto afectan a los males que provienen del principio de la población -- De nuestras futuras probabilidades de suprimir o aliviar los males que se derivan del principio de la población |
| 520 3# - SUMMARY, ETC. | |
| Summary, etc. | La obra de Thomas Robert Malthus (1766-1834) es una de las más comentadas y, a la vez, de las menos leídas. Sus teorías, hoy nuevamente tomadas en cuenta por quienes se interesan por el tema, son el motivo de interpretaciones relacionadas con la explosión demográfica -sumamente desmedida en algunas regiones- y los límite de la producción agrícola de nuestro planeta. Mientras la tierra produce en progresión aritmética, dice Malthus, en cambio la población crece en proporción geométrica. Esto significa que, tarde o temprano, el formidable crecimiento del número de habitantes de los diversos continentes superará peligrosamente las posibilidades productivas de la tierra. Así, el futuro no tan lejano de la humanidad tendrá que desembocar en una catástrofe si los científicos no aciertan a racionalizar oportunamente el desarrollo cada vez más acelerado de la población. |
| 650 14 - SUBJECT ADDED ENTRY--TOPICAL TERM | |
| Topical term or geographic name entry element | Demografia |
| General subdivision | ensayos |
| 9 (RLIN) | 13616 |
| 650 24 - SUBJECT ADDED ENTRY--TOPICAL TERM | |
| Topical term or geographic name entry element | Características demográficas |
| Form subdivision | ensayos |
| 9 (RLIN) | 13617 |
| 650 24 - SUBJECT ADDED ENTRY--TOPICAL TERM | |
| Topical term or geographic name entry element | Análisis demográfico |
| Form subdivision | ensayos |
| 9 (RLIN) | 13618 |
| 650 24 - SUBJECT ADDED ENTRY--TOPICAL TERM | |
| Topical term or geographic name entry element | Población |
| Form subdivision | ensayos |
| 9 (RLIN) | 13619 |
| 700 1# - ADDED ENTRY--PERSONAL NAME | |
| Personal name | Ortíz, Teodoro, |
| Relator term | traductor |
| 9 (RLIN) | 8929 |
| 942 ## - ADDED ENTRY ELEMENTS (KOHA) | |
| Source of classification or shelving scheme | Dewey Decimal Classification |
| Koha item type | Books |
| Withdrawn status | Lost status | Source of classification or shelving scheme | Damaged status | Not for loan | Collection code | Home library | Current library | Date acquired | Source of acquisition | Total Checkouts | Full call number | Barcode | Date last seen | Copy number | Price effective from | Koha item type |
|---|---|---|---|---|---|---|---|---|---|---|---|---|---|---|---|---|
| Dewey Decimal Classification | Non-fiction | Biblioteca Pública José María del Castillo y Rada | Biblioteca Pública José María del Castillo y Rada | 10/02/2020 | Donación | 304.6 / M261e | 201810350 | 05/16/2024 | Ej.1 | 02/18/2021 | Books |